000 00492nam a22001817a 4500
005 20230131032805.0
008 230131b |||||||| |||| 00| 0 eng d
020 _a978-0-553-28174-3
082 _aFic. G451 1989
100 _aGibson, William
_eauthor
245 _aMona lisa overdrive /
_cWilliam Gibson
260 _aNew York:
_bBantam Books,
_cc1989
300 _a308p.
541 _e5331
650 _aComputer - Fiction
650 _aFantasy fiction, Canadian
650 _aScience fiction
999 _c768
_d768